[Event "4NCL Online Division 3"]
[Site "online"]
[Date "2020.04.14"]
[Round "2.14"]
[White "Cox, Lucian"]
[Black "Porter, James D"]
[Result "0-1"]
[WhiteElo "1051"]
[BlackElo "1749"]
[PlyCount "64"]
[EventDate "2020.04.14"]
[WhiteTeam "MK Phoenix 2"]
[BlackTeam "3 Smarties 1 Tube"]

1. e4 Nc6 2. d4 e5 3. Nf3 exd4 4. Nxd4 Qf6 5. Be3 Bc5 6. Nxc6 Qxc6 7. Bxc5 Qxc5
8. Nc3 Nf6 9. Bd3 b6 10. O-O Bb7 11. Qe2 O-O 12. Rad1 Qb4 13. Rb1 Rae8 14. Rfe1
Nxe4 15. Bxe4 d5 16. Bxh7+ Kxh7 17. Qh5+ Kg8 18. Rxe8 Rxe8 19. h3 d4 20. Nd5
Re1+ 21. Rxe1 Qxe1+ 22. Kh2 Qe4 23. f3 Qxd5 24. Qxd5 Bxd5 25. a3 c5 26. c3 d3
27. Kg3 d2 28. b4 d1=Q 29. bxc5 bxc5 30. Kf4 Qe1 31. g4 f6 32. a4 Qe5# 0-1

[Event "4NCL Online Division 3"]
[Site "online"]
[Date "2020.04.14"]
[Round "2.21"]
[White "Vleeshhouwer, Douglas"]
[Black "Parry, Matthew"]
[Result "1-0"]
[WhiteElo "1960"]
[BlackElo "1903"]
[PlyCount "71"]
[EventDate "2020.04.14"]
[WhiteTeam "Beverley Vikings"]
[BlackTeam "Abergavenny and Friends"]

1. b3 d5 2. Bb2 Bf5 3. e3 Nf6 4. Nf3 Nc6 5. Bb5 a5 6. Ne5 Bd7 7. Nxd7 Qxd7 8.
d3 e6 9. Nd2 Be7 10. O-O O-O 11. h3 Qd6 12. Bxc6 bxc6 13. a4 c5 14. Nf3 Nd7 15.
e4 d4 16. Bc1 Ne5 17. Nxe5 Qxe5 18. f4 Qf6 19. Bd2 g6 20. Qe1 Qh4 21. Bxa5 Qxe1
22. Bxe1 c4 23. dxc4 Rfd8 24. Rf3 f5 25. exf5 exf5 26. b4 Bf6 27. Rd3 Re8 28.
a5 c6 29. b5 cxb5 30. cxb5 Reb8 31. Rb1 Rb7 32. Rdb3 Kf7 33. a6 Rbb8 34. Ba5
Ke6 35. Bc7 Rc8 36. b6 1-0

[Event "4NCL Online Division 3"]
[Site "online"]
[Date "2020.04.14"]
[Round "2.22"]
[White "Keene, Alan"]
[Black "Turner, Tim M"]
[Result "1-0"]
[WhiteElo "1840"]
[BlackElo "1915"]
[PlyCount "101"]
[EventDate "2020.04.14"]
[WhiteTeam "Abergavenny and Friends"]
[BlackTeam "Beverley Vikings"]

1. c4 Nf6 2. Nc3 g6 3. d4 Bg7 4. e4 d6 5. Be2 O-O 6. Bg5 c5 7. d5 b5 8. cxb5 a6
9. bxa6 Bxa6 10. Qd2 Nbd7 11. Bxa6 Rxa6 12. Nf3 Qb6 13. h3 Rb8 14. Rb1 Qb4 15.
O-O Nxe4 16. Nxe4 Qxe4 17. Rfe1 Qa4 18. Rxe7 Qxa2 19. Rbe1 Ne5 20. Nxe5 Bxe5
21. R1xe5 dxe5 22. d6 Qa5 23. Qd5 Qe1+ 24. Kh2 Qxf2 25. d7 Raa8 26. Qxe5 Qd4
27. Re8+ Rxe8 28. dxe8=Q+ Rxe8 29. Qxe8+ Kg7 30. Qe3 Qxb2 31. Qf4 h5 32. Be7
Qd4 33. Qxd4+ cxd4 34. Kg3 f6 35. Kf3 Kf7 36. Bc5 d3 37. Ke3 Ke6 38. Kxd3 Kf5
39. Ke3 g5 40. Bd6 Ke6 41. Bc7 Kf5 42. Bb8 Ke6 43. Ke4 f5+ 44. Ke3 Kf6 45. g3
Ke6 46. h4 Kf6 47. Bc7 Kg6 48. Bd8 gxh4 49. gxh4 Kf7 50. Kf4 Kg6 51. Bg5 1-0

[Event "4NCL Online Division 3"]
[Site "online"]
[Date "2020.04.14"]
[Round "2.23"]
[White "Carmichael, Ned"]
[Black "Allford, Zane"]
[Result "1-0"]
[WhiteElo "1825"]
[BlackElo "1693"]
[PlyCount "33"]
[EventDate "2020.04.14"]
[WhiteTeam "Beverley Vikings"]
[BlackTeam "Abergavenny and Friends"]

1. c4 Nf6 2. Nc3 g6 3. g3 Bg7 4. Bg2 O-O 5. d3 d6 6. e4 e5 7. Nge2 Nbd7 8. O-O
Nc5 9. h3 Nh5 10. g4 Nf6 11. f4 Ne8 12. f5 c6 13. Be3 b6 14. Qd2 Rb8 15. b4 Nd7
16. Bh6 Qh4 17. Bg5 1-0

[Event "4NCL Online Division 3"]
[Site "online"]
[Date "2020.04.14"]
[Round "2.24"]
[White "Morgans, Justin"]
[Black "Johnstone, J Gerry"]
[Result "1/2-1/2"]
[WhiteElo "1618"]
[BlackElo "1570"]
[PlyCount "120"]
[EventDate "2020.04.14"]
[WhiteTeam "Abergavenny and Friends"]
[BlackTeam "Beverley Vikings"]

1. e4 e6 2. d4 d5 3. e5 c5 4. c3 Qb6 5. Nf3 Bd7 6. Be2 cxd4 7. cxd4 Bb5 8. O-O
Bxe2 9. Qxe2 Ne7 10. Nc3 Nec6 11. Be3 Nd7 12. a3 Be7 13. b4 Rc8 14. Na4 Qd8 15.
Qb5 Nb6 16. Nxb6 a6 17. Qa4 Qxb6 18. Rab1 O-O 19. b5 axb5 20. Rxb5 Qa6 21. Qxa6
bxa6 22. Rb6 a5 23. Rc1 Nb8 24. Rxc8 Rxc8 25. a4 Bb4 26. h3 Nc6 27. Rb7 h6 28.
g4 Ne7 29. h4 Rc2 30. h5 Ra2 31. g5 Nf5 32. g6 fxg6 33. hxg6 Rxa4 34. Rb8+ Bf8
35. Re8 Ne7 36. Nh4 Rc4 37. Ra8 a4 38. Kg2 a3 39. Kg3 Nc6 40. Nf3 Rc2 41. Nd2
a2 42. Nb3 Ne7 43. Nc5 Nxg6 44. Nxe6 Kf7 45. Nd8+ Ke7 46. Nc6+ Rxc6 47. Rxa2
Ke6 48. Kg4 Be7 49. f4 Nf8 50. f5+ Kf7 51. Ra7 Ke8 52. Ra8+ Kd7 53. Ra5 Rc3 54.
Rxd5+ Kc6 55. f6 Kxd5 56. fxg7 Rxe3 57. g8=Q+ Ne6 58. Qa8+ Kxd4 59. Qa7+ Ke4
60. Qxe7 Kxe5 1/2-1/2

[Event "4NCL Online Division 3"]
[Site "online"]
[Date "2020.04.14"]
[Round "2.31"]
[White "Pert, Richard G"]
[Black "Titorenko, Kostyantyn"]
[Result "1-0"]
[WhiteElo "2416"]
[BlackElo "1930"]
[PlyCount "73"]
[EventDate "2020.04.14"]
[WhiteTeam "Brentwood"]
[BlackTeam "Streatham B"]

1. d4 Nf6 2. Bg5 e6 3. e4 h6 4. Bxf6 Qxf6 5. c3 d6 6. Bd3 g6 7. Ne2 Bg7 8. O-O
O-O 9. f4 Nc6 10. Nd2 Bd7 11. e5 Qe7 12. Qc2 Nd8 13. Rae1 d5 14. Nf3 Rc8 15. g4
c5 16. Qd2 cxd4 17. Nexd4 f5 18. exf6 Qxf6 19. Ne5 Be8 20. g5 Qe7 21. Nxg6 Bxg6
22. Bxg6 hxg5 23. fxg5 Rxf1+ 24. Rxf1 Nc6 25. Bf7+ Qxf7 26. Rxf7 Kxf7 27. Qf2+
Ke7 28. Nxc6+ Rxc6 29. Qxa7 Rc7 30. Qb8 Kd6 31. h4 d4 32. cxd4 Bxd4+ 33. Kg2
Bxb2 34. h5 Be5 35. h6 Kd5 36. Qd8+ Ke4 37. Qxc7 1-0

[Event "4NCL Online Division 3"]
[Site "online"]
[Date "2020.04.14"]
[Round "2.32"]
[White "Ponting, Andrew"]
[Black "Haydon, David L"]
[Result "0-1"]
[WhiteElo "1870"]
[BlackElo "2294"]
[PlyCount "62"]
[EventDate "2020.04.14"]
[WhiteTeam "Streatham B"]
[BlackTeam "Brentwood"]

1. e4 c6 2. d4 d5 3. Nc3 dxe4 4. Nxe4 Bf5 5. Ng3 Bg6 6. Nf3 e6 7. h4 h6 8. h5
Bh7 9. Bd3 Bxd3 10. Qxd3 Nf6 11. Bd2 Bd6 12. Ne4 Nxe4 13. Qxe4 Nd7 14. O-O-O
Nf6 15. Qe2 Qc7 16. Ne5 O-O-O 17. Kb1 c5 18. Nf3 c4 19. Ne5 b5 20. Qe1 Qb7 21.
Ba5 Bc7 22. Bxc7 Qxc7 23. Qb4 Rd5 24. a4 a6 25. Rh3 Rhd8 26. Re3 Nxh5 27. Re4
Nf6 28. Re3 a5 29. Qc3 Kb7 30. axb5 Rc8 31. b3 Rxb5 0-1

[Event "4NCL Online Division 3"]
[Site "online"]
[Date "2020.04.14"]
[Round "2.33"]
[White "Pert, Nina"]
[Black "Fox, James"]
[Result "1-0"]
[WhiteElo "1787"]
[BlackElo "1870"]
[PlyCount "53"]
[EventDate "2020.04.14"]
[WhiteTeam "Brentwood"]
[BlackTeam "Streatham B"]

1. e4 c6 2. d4 g6 3. Be3 Bg7 4. Qd2 Qc7 5. f4 d6 6. Nf3 Nf6 7. Bd3 O-O 8. Nc3
a6 9. f5 c5 10. Bh6 cxd4 11. Nxd4 Qb6 12. Nb3 Nc6 13. Be3 Qd8 14. h4 d5 15.
fxg6 hxg6 16. exd5 Nxd5 17. h5 Nxe3 18. Qxe3 Bg4 19. hxg6 fxg6 20. Bxg6 Rf6 21.
Bh7+ Kf8 22. Ne4 Qc7 23. Nxf6 exf6 24. O-O Ne5 25. Nd4 Re8 26. Qb3 Qc5 27. Qg8+
1-0

[Event "4NCL Online Division 3"]
[Site "online"]
[Date "2020.04.14"]
[Round "2.34"]
[White "Morgan, Harry J"]
[Black "Molostvov, Dmitry M"]
[Result "0-1"]
[WhiteElo "1727"]
[BlackElo "1720"]
[PlyCount "56"]
[EventDate "2020.04.14"]
[WhiteTeam "Streatham B"]
[BlackTeam "Brentwood"]

1. e4 c5 2. Nf3 Nc6 3. Nc3 Nf6 4. g3 d5 5. exd5 Nxd5 6. Bg2 e6 7. O-O Be7 8.
Qe2 O-O 9. Ne4 f5 10. Nc3 g5 11. Nxd5 exd5 12. Ne5 f4 13. Nxc6 bxc6 14. c4 fxg3
15. fxg3 Rxf1+ 16. Bxf1 Qd6 17. d3 Bf5 18. Bd2 Rb8 19. b3 Qe6 20. Qg2 Bf6 21.
Re1 Qd6 22. Qf3 Rf8 23. cxd5 Bd4+ 24. Kh1 Bh3 25. Qe2 Qxd5+ 26. Bg2 Qxg2+ 27.
Qxg2 Bxg2+ 28. Kxg2 Rf2+ 0-1

[Event "4NCL Online Division 3"]
[Site "online"]
[Date "2020.04.14"]
[Round "2.41"]
[White "Allen, John P"]
[Black "Lewis, Christopher D"]
[Result "1/2-1/2"]
[WhiteElo "1915"]
[BlackElo "1930"]
[PlyCount "128"]
[EventDate "2020.04.14"]
[WhiteTeam "Catford Cosmonauts 2"]
[BlackTeam "Shropshire 2"]

1. e4 c6 2. Nc3 d5 3. Nf3 dxe4 4. Nxe4 Bg4 5. h3 Bxf3 6. Qxf3 Nd7 7. d4 Ngf6 8.
c3 Nxe4 9. Qxe4 Nf6 10. Qf3 e6 11. Be2 Qd5 12. O-O Qxf3 13. Bxf3 Bd6 14. c4 O-O
15. Be3 Rfc8 16. Rfd1 Kf8 17. Rd2 Rab8 18. a3 a6 19. g4 b5 20. g5 Nd7 21. d5
Ne5 22. Be2 exd5 23. cxd5 Nc4 24. Bxc4 bxc4 25. Rad1 c3 26. bxc3 cxd5 27. Rxd5
Bxa3 28. Bf4 Ra8 29. R1d3 Rc4 30. Bd6+ Bxd6 31. Rxd6 a5 32. R6d4 Rac8 33. Rd8+
Rxd8 34. Rxd8+ Ke7 35. Ra8 Rxc3 36. Rxa5 Rxh3 37. Kg2 Rd3 38. f3 Ke6 39. Kg3
Rd5 40. Ra6+ Kf5 41. Ra7 Kxg5 42. Rxf7 Kg6 43. Rf4 Rg5+ 44. Kf2 h5 45. Rh4 Ra5
46. Rf4 Kg5 47. Kg3 Rf5 48. Re4 g6 49. f4+ Kf6 50. Kh4 Ra5 51. Rb4 Kf5 52. Rb6
Ra4 53. Kg3 h4+ 54. Kxh4 Rxf4+ 55. Kg3 g5 56. Rb5+ Kg6 57. Rc5 Kh5 58. Rc8 Ra4
59. Rh8+ Kg6 60. Rg8+ Kf5 61. Rf8+ Kg6 62. Rg8+ Kf5 63. Rf8+ Kg6 64. Rg8+ Kf5
1/2-1/2

[Event "4NCL Online Division 3"]
[Site "online"]
[Date "2020.04.14"]
[Round "2.42"]
[White "Rooney, Steve"]
[Black "Gluckman, Tim"]
[Result "0-1"]
[WhiteElo "1907"]
[BlackElo "1907"]
[PlyCount "106"]
[EventDate "2020.04.14"]
[WhiteTeam "Shropshire 2"]
[BlackTeam "Catford Cosmonauts 2"]

1. d4 Nf6 2. Bf4 d5 3. e3 c5 4. c3 Qb6 5. Qb3 c4 6. Qxb6 axb6 7. Nf3 b5 8. Na3
Bd7 9. Ne5 Bc6 10. h3 e6 11. Nc2 Nbd7 12. Be2 Nxe5 13. Bxe5 Nd7 14. Bh2 Be7 15.
a3 O-O 16. O-O Nb6 17. Nb4 Na4 18. Rab1 Ra7 19. Bd1 Nb6 20. Re1 Nc8 21. f3 Bd6
22. Bxd6 Nxd6 23. Nxc6 bxc6 24. e4 Raa8 25. Ra1 Nb7 26. Bc2 Rfe8 27. e5 c5 28.
a4 cxd4 29. cxd4 b4 30. f4 b3 31. Bd1 Na5 32. Bf3 Nc6 33. Red1 Nb4 34. a5 Nd3
35. a6 Nxb2 36. Rd2 Nd3 37. Bd1 Nb4 38. a7 Nc6 39. Bxb3 cxb3 40. Rd3 b2 41. Rb1
Rxa7 42. Rxb2 g6 43. Rb6 Na5 44. g4 Nc4 45. Rb5 Rea8 46. f5 Ra2 47. f6 Rc2 48.
Rb1 h6 49. Rdb3 Raa2 50. Rb8+ Kh7 51. R8b7 Rg2+ 52. Kf1 Ne3+ 53. Ke1 Rae2# 0-1

[Event "4NCL Online Division 3"]
[Site "online"]
[Date "2020.04.14"]
[Round "2.43"]
[White "Turner, Howard"]
[Black "Clark, Matthew D H"]
[Result "0-1"]
[WhiteElo "1885"]
[BlackElo "1892"]
[PlyCount "76"]
[EventDate "2020.04.14"]
[WhiteTeam "Catford Cosmonauts 2"]
[BlackTeam "Shropshire 2"]

1. Nf3 d5 2. g3 Nf6 3. Bg2 g6 4. O-O Bg7 5. c4 c6 6. cxd5 Nxd5 7. e4 Nb6 8. d4
O-O 9. h3 N8d7 10. Nc3 Nf6 11. Bf4 Be6 12. b3 h6 13. Rc1 Nh5 14. Be3 Rc8 15.
Qe2 Nf6 16. Rfd1 Qe8 17. Qc2 Nfd7 18. a4 a5 19. Qb1 f5 20. d5 cxd5 21. exd5 Bf7
22. Nd4 Nc5 23. Ndb5 g5 24. Bxc5 Rxc5 25. d6 exd6 26. Nxd6 Qe7 27. Ncb5 Rxc1
28. Rxc1 Bg6 29. Rc7 Qf6 30. Rxb7 Nc8 31. Bd5+ Kh8 32. Nxc8 Rxc8 33. Bc4 f4 34.
Qe1 Re8 35. Qd2 fxg3 36. fxg3 Qf3 37. Qg2 Qe3+ 38. Kh2 Be4 0-1

[Event "4NCL Online Division 3"]
[Site "online"]
[Date "2020.04.14"]
[Round "2.44"]
[White "Kolbusz, George"]
[Black "Alvares, Owen"]
[Result "1-0"]
[WhiteElo "1892"]
[BlackElo "1840"]
[PlyCount "107"]
[EventDate "2020.04.14"]
[WhiteTeam "Shropshire 2"]
[BlackTeam "Catford Cosmonauts 2"]

1. d4 d5 2. c4 dxc4 3. e3 b5 4. a4 c6 5. b3 cxb3 6. axb5 Be6 7. bxc6 Nxc6 8.
Bb5 Bd5 9. Nf3 Rb8 10. Nc3 e6 11. O-O Bb4 12. Nxd5 Qxd5 13. Bxc6+ Qxc6 14. Qxb3
Qc7 15. Qa4+ Qd7 16. Qxa7 Qxa7 17. Rxa7 Nf6 18. Ne5 O-O 19. Nc6 Rb5 20. Nxb4
Rxb4 21. Ba3 Rbb8 22. Bxf8 Rxf8 23. Rb1 h6 24. h3 Ne4 25. Rbb7 Nd6 26. Rd7 Ne4
27. Kf1 Nf6 28. Rdb7 Ne4 29. g4 g6 30. Kg2 Nf6 31. f3 Kg7 32. e4 Kg8 33. h4 g5
34. hxg5 hxg5 35. Re7 Nh7 36. Kg3 Nf6 37. Rab7 Nh7 38. e5 Kg7 39. Rxe6 Rd8 40.
Ree7 Nf8 41. Rxf7+ Kh8 42. d5 Ng6 43. e6 Ne5 44. Rh7+ Kg8 45. Rhg7+ Kh8 46.
Rxg5 Nxf3 47. Rh5+ Kg8 48. Kxf3 Ra8 49. Rf5 Ra3+ 50. Kf4 Ra8 51. Ke5 Kh8 52. e7
Re8 53. Rf8+ Kg7 54. Rxe8 1-0

[Event "4NCL Online Division 3"]
[Site "online"]
[Date "2020.04.14"]
[Round "2.51"]
[White "Menadue, Jeremy F S"]
[Black "Lockett, Karl"]
[Result "1-0"]
[WhiteElo "1996"]
[BlackElo "1810"]
[PlyCount "63"]
[EventDate "2020.04.14"]
[WhiteTeam "Falmouth & Truro"]
[BlackTeam "Crewe"]

1. d4 b6 2. c4 e6 3. Nf3 Bb7 4. Nc3 Nf6 5. Bg5 h6 6. Bh4 Be7 7. e3 O-O 8. Bd3
d5 9. O-O Nbd7 10. Rc1 c5 11. Qe2 cxd4 12. exd4 Rc8 13. b3 Re8 14. Rfd1 Nb8 15.
Ne5 Nc6 16. Nxc6 Bxc6 17. Bg3 Qd7 18. Be5 Qb7 19. f3 Red8 20. cxd5 Nxd5 21.
Nxd5 Bxd5 22. Ba6 Rxc1 23. Rxc1 Qa8 24. Rc7 Bb4 25. Qb5 Bd2 26. Qe2 Bg5 27. f4
Bf6 28. Bxf6 gxf6 29. Qh5 e5 30. Qxh6 Qb8 31. Rc3 exf4 32. Rh3 1-0

[Event "4NCL Online Division 3"]
[Site "online"]
[Date "2020.04.14"]
[Round "2.52"]
[White "Lovatt, Amy"]
[Black "Kneebone, Robin F G"]
[Result "0-1"]
[WhiteElo "1840"]
[BlackElo "1952"]
[PlyCount "56"]
[EventDate "2020.04.14"]
[WhiteTeam "Crewe"]
[BlackTeam "Falmouth & Truro"]

1. c4 c5 2. g3 Nc6 3. Bg2 g6 4. Nc3 Bg7 5. Nf3 e6 6. O-O Nge7 7. e3 Nf5 8. h3
O-O 9. Re1 d6 10. b3 Rb8 11. Bb2 Bd7 12. d3 a6 13. Qd2 b6 14. Rad1 Ne5 15. Ne4
Nxf3+ 16. Bxf3 d5 17. Bxg7 Kxg7 18. Nc3 d4 19. Ne4 Qc7 20. g4 Nh4 21. Bh1 f5
22. Ng5 h6 23. Nf3 Nxf3+ 24. Bxf3 fxg4 25. Bxg4 h5 26. Be2 Rxf2 27. Kxf2 Qh2+
28. Kf1 Rf8+ 0-1

[Event "4NCL Online Division 3"]
[Site "online"]
[Date "2020.04.14"]
[Round "2.53"]
[White "Willis, Toby W"]
[Black "Gardiner, Harry"]
[Result "1-0"]
[WhiteElo "1892"]
[BlackElo "1697"]
[PlyCount "73"]
[EventDate "2020.04.14"]
[WhiteTeam "Falmouth & Truro"]
[BlackTeam "Crewe"]

1. d4 Nf6 2. c4 e6 3. Nc3 d5 4. Bg5 Be7 5. e3 h6 6. Bh4 O-O 7. Nf3 b6 8. cxd5
Nxd5 9. Bxe7 Nxe7 10. Be2 Bb7 11. O-O Nd7 12. b4 Nf6 13. Qb3 Ned5 14. Nxd5 Bxd5
15. Qc2 Be4 16. Qb2 Qd6 17. Nd2 Bb7 18. Rac1 Nd5 19. a3 Qe7 20. Rc2 Qg5 21. Nf3
Qe7 22. Rfc1 Rfc8 23. Ne5 a5 24. b5 f6 25. Nc6 Qf7 26. Bf3 Re8 27. h3 Kh8 28.
Qb3 Qd7 29. e4 Nf4 30. Qe3 Ng6 31. Bh5 Qf7 32. Qg3 Kh7 33. f4 Bxc6 34. Rxc6
Rac8 35. f5 exf5 36. exf5 Qd5 37. Bxg6+ 1-0

[Event "4NCL Online Division 3"]
[Site "online"]
[Date "2020.04.14"]
[Round "2.54"]
[White "Layhe, Neville"]
[Black "Renshaw, Ian"]
[Result "1-0"]
[WhiteElo "1607"]
[BlackElo "1540"]
[PlyCount "71"]
[EventDate "2020.04.14"]
[WhiteTeam "Crewe"]
[BlackTeam "Falmouth & Truro"]

1. d4 Nf6 2. e3 e6 3. Bd3 c5 4. c3 d5 5. Nd2 c4 6. Bc2 b5 7. a3 Bd6 8. f4 O-O
9. Ngf3 Nbd7 10. Ne5 Bb7 11. Qf3 h6 12. O-O Be7 13. g4 Nh7 14. Qh3 Nxe5 15.
fxe5 Bg5 16. Nf3 Rc8 17. Qg3 Qe7 18. h4 Bxh4 19. Qxh4 g5 20. Qxh6 f6 21. Qxh7+
Qxh7 22. Bxh7+ Kxh7 23. exf6 Rxf6 24. Nxg5+ Kg6 25. Rxf6+ Kxf6 26. Nf3 Kg6 27.
Bd2 Rf8 28. Rf1 Rg8 29. Be1 Bc8 30. Kg2 Kg7 31. Ne5 a6 32. Bg3 a5 33. Rf7+ Kh8
34. Bh4 Re8 35. Bf6+ Kg8 36. Rg7+ 1-0

[Event "4NCL Online Division 3"]
[Site "online"]
[Date "2020.04.14"]
[Round "2.61"]
[White "Chesters, Tim"]
[Black "Weatherlake, John P"]
[Result "1-0"]
[WhiteElo "2062"]
[BlackElo "1890"]
[PlyCount "103"]
[EventDate "2020.04.14"]
[WhiteTeam "Hull Romans"]
[BlackTeam "Wessex Some Stars B"]

1. e4 d6 2. d4 Nf6 3. f3 e5 4. dxe5 dxe5 5. Qxd8+ Kxd8 6. Bc4 Be6 7. Bxe6 fxe6
8. Be3 Nbd7 9. Nd2 a6 10. a4 Bc5 11. Bxc5 Nxc5 12. Nc4 Ncd7 13. Nh3 Ke7 14. O-O
b5 15. Na5 Kd6 16. Ng5 Rhe8 17. Rfd1+ Kc5 18. axb5 axb5 19. Nb3+ Kb6 20. Rxa8
Rxa8 21. Nxe6 g6 22. g4 h6 23. h4 Re8 24. g5 Rxe6 25. gxf6 Nxf6 26. Rd8 c6 27.
Rh8 h5 28. Kf2 Nd7 29. Rd8 Kc7 30. Rxd7+ Kxd7 31. Nc5+ Kd6 32. Nxe6 Kxe6 33.
Kg3 c5 34. f4 c4 35. c3 Kd6 36. Kf3 Ke6 37. fxe5 Kxe5 38. Ke3 Kf6 39. Kf4 Ke6
40. Kg5 Ke5 41. Kxg6 Kxe4 42. Kxh5 Kd3 43. Kg4 Kc2 44. h5 Kxb2 45. h6 Kxc3 46.
h7 Kb3 47. h8=Q c3 48. Kf3 c2 49. Qa1 b4 50. Ke2 Kc4 51. Kd2 Kb3 52. Kc1 1-0

[Event "4NCL Online Division 3"]
[Site "online"]
[Date "2020.04.14"]
[Round "2.62"]
[White "Pentakota, Rajasekhar"]
[Black "Crow, Stephen"]
[Result "0-1"]
[WhiteElo "1858"]
[BlackElo "1847"]
[PlyCount "48"]
[EventDate "2020.04.14"]
[WhiteTeam "Wessex Some Stars B"]
[BlackTeam "Hull Romans"]

1. c4 e6 2. g3 f5 3. Bg2 Nf6 4. Nc3 Be7 5. e4 fxe4 6. Nxe4 O-O 7. Ne2 d5 8.
Nxf6+ Bxf6 9. cxd5 exd5 10. Qb3 c6 11. O-O Nd7 12. d4 Qb6 13. Qd3 Re8 14. Be3
Nf8 15. a3 Bg4 16. Nf4 Ne6 17. Nxe6 Bxe6 18. b4 Bf7 19. Rad1 Bg6 20. Qd2 a5 21.
f4 axb4 22. axb4 Bh5 23. Ra1 Rxa1 24. Rxa1 Rxe3 0-1

[Event "4NCL Online Division 3"]
[Site "online"]
[Date "2020.04.14"]
[Round "2.63"]
[White "Varley, Joe"]
[Black "Adaway, William"]
[Result "1-0"]
[WhiteElo "1892"]
[BlackElo "1857"]
[PlyCount "101"]
[EventDate "2020.04.14"]
[WhiteTeam "Hull Romans"]
[BlackTeam "Wessex Some Stars B"]

1. e4 c6 2. d4 d5 3. Nd2 dxe4 4. Nxe4 Nf6 5. Nxf6+ exf6 6. Nf3 Bd6 7. Bd3 O-O
8. O-O Bg4 9. c3 Qc7 10. h3 Bh5 11. g4 Bg6 12. Nh4 Nd7 13. Be3 Rfe8 14. Nf5
Bxf5 15. Bxf5 Nf8 16. Re1 Ne6 17. Qf3 Nf4 18. c4 Ng6 19. Bxg6 hxg6 20. Bd2 Qd7
21. Rad1 Bc7 22. Bf4 Bxf4 23. Qxf4 g5 24. Rxe8+ Rxe8 25. Qf3 Re6 26. Kg2 Qe7
27. d5 cxd5 28. cxd5 Rb6 29. b3 g6 30. Qd3 Qd6 31. Qc2 Rb4 32. Qc3 Kg7 33. Rd3
Rb5 34. Qd2 Rc5 35. Rd4 a6 36. b4 Rc7 37. f4 gxf4 38. Rxf4 Rc2 39. Qxc2 Qxf4
40. Qd3 Qd6 41. a3 Kf8 42. Qe4 Qe5 43. Qxe5 fxe5 44. g5 Ke7 45. Kf3 Kd6 46. Ke4
b6 47. a4 a5 48. bxa5 bxa5 49. h4 Kc5 50. Kxe5 Kb4 51. d6 1-0

[Event "4NCL Online Division 3"]
[Site "online"]
[Date "2020.04.14"]
[Round "2.64"]
[White "Krawczuk, Michael J"]
[Black "Farley, Zak"]
[Result "1-0"]
[WhiteElo "1828"]
[BlackElo "1735"]
[PlyCount "117"]
[EventDate "2020.04.14"]
[WhiteTeam "Wessex Some Stars B"]
[BlackTeam "Hull Romans"]

1. e4 c5 2. Nf3 d6 3. d4 cxd4 4. Nxd4 Nf6 5. Nc3 g6 6. Be3 Bg7 7. f3 O-O 8. Bc4
Nc6 9. Qd2 Ne5 10. Bb3 a6 11. O-O-O Bd7 12. g4 b5 13. h4 Nc4 14. Bxc4 bxc4 15.
h5 Rb8 16. Nd5 Nxd5 17. exd5 Qb6 18. c3 Qa5 19. Kb1 Ba4 20. Rc1 Rb7 21. Rh2
Rfb8 22. Qe1 Qxd5 23. hxg6 fxg6 24. Rd2 Qf7 25. f4 Bd7 26. Qg3 h6 27. Rf1 a5
28. Ka1 a4 29. a3 Rf8 30. Rdf2 Qd5 31. f5 g5 32. Rd2 Qa5 33. Rh1 Rfb8 34. Rc1
Qe5 35. Qf3 Qa5 36. Bf2 Qe5 37. Re1 Qf6 38. Qe2 Qf7 39. Qxe7 Qxe7 40. Rxe7 Bf8
41. Re1 Kf7 42. Bg3 Rb6 43. Ne6 Bxe6 44. Rxe6 Rd8 45. Rd4 Rdb8 46. Re2 Kf6 47.
Rxc4 R8b7 48. Rxa4 d5 49. Rd4 Rb3 50. Ka2 R3b5 51. Re6+ Kf7 52. Re3 Kf6 53. Re2
Kf7 54. Red2 Kf6 55. Rxd5 R5b6 56. Be5+ Ke7 57. Bd4 Rb3 58. Bc5+ Kf7 59. Bb4
1-0

[Event "4NCL Online Division 3"]
[Site "online"]
[Date "2020.04.14"]
[Round "2.71"]
[White "Davies, Neil"]
[Black "Finn, Peter"]
[Result "0-1"]
[WhiteElo "1937"]
[BlackElo "1959"]
[PlyCount "140"]
[EventDate "2020.04.14"]
[WhiteTeam "Mushrooms 2"]
[BlackTeam "CSC 3"]

1. Nf3 Nf6 2. d4 e6 3. g3 b5 4. Bg2 Bb7 5. O-O Be7 6. a4 b4 7. c3 a5 8. cxb4
axb4 9. b3 O-O 10. Nbd2 c5 11. Bb2 Na6 12. Rc1 Rc8 13. Re1 d5 14. e3 Qb6 15.
Ne5 Rc7 16. Qe2 Rfc8 17. Qb5 Qa7 18. Ndf3 c4 19. bxc4 dxc4 20. Nxc4 Bc6 21. Qb6
Qa8 22. Nce5 Rb7 23. Nxc6 Bd8 24. Qxb7 Qxb7 25. Nxd8 Rxd8 26. Ne5 Nd5 27. e4
Nb6 28. a5 Na4 29. Ba1 b3 30. Nc6 Rf8 31. d5 b2 32. Bxb2 Qxb2 33. d6 N4c5 34.
Rb1 Qa2 35. Ra1 Qc2 36. Rac1 Qa4 37. Ne7+ Kh8 38. Bf1 Qd7 39. e5 f6 40. Bxa6
Nxa6 41. Nc6 fxe5 42. Nxe5 Qxd6 43. Rcd1 Qc5 44. Re2 g6 45. Nd7 Qc4 46. Rde1
Re8 47. Ne5 Qc3 48. Nf7+ Kg7 49. Nd6 Re7 50. Ne4 Qxa5 51. h4 h6 52. Nd2 Nc7 53.
Nf3 Qa6 54. Ne5 Nd5 55. Nf3 Nf6 56. Nd4 e5 57. Kg2 Qb7+ 58. Kg1 e4 59. Nc2 g5
60. Ne3 Kg6 61. hxg5 hxg5 62. Ng2 Qd7 63. f4 Qd4+ 64. Kf1 Ng4 65. f5+ Kxf5 66.
Ne3+ Nxe3+ 67. Rxe3 Ra7 68. R3e2 Ra1 69. Rxa1 Qxa1+ 70. Kg2 Qc3 0-1

[Event "4NCL Online Division 3"]
[Site "online"]
[Date "2020.04.14"]
[Round "2.72"]
[White "Samarasinghe Jude, Ranga"]
[Black "Hortin, Matthew J"]
[Result "1/2-1/2"]
[WhiteElo "1924"]
[BlackElo "1930"]
[PlyCount "121"]
[EventDate "2020.04.14"]
[WhiteTeam "CSC 3"]
[BlackTeam "Mushrooms 2"]

1. e4 c5 2. Nf3 Nc6 3. d4 cxd4 4. Nxd4 Nf6 5. Nc3 e5 6. Ndb5 d6 7. Nd5 Nxd5 8.
exd5 Nb8 9. c4 Be7 10. Be2 O-O 11. O-O a6 12. Nc3 f5 13. b4 Nd7 14. Qb3 Kh8 15.
a4 Bg5 16. Ba3 b6 17. b5 Rf6 18. bxa6 Nc5 19. Bxc5 bxc5 20. Rfb1 Bxa6 21. Qb6
Rf8 22. Qxd8 Bxd8 23. Nb5 Bxb5 24. cxb5 Bb6 25. Bc4 g6 26. Rb3 Kg7 27. Rba3 Ra5
28. Kf1 Kf6 29. Ke2 h6 30. Ke3 e4 31. f4 h5 32. g3 Rh8 33. Kf2 Rha8 34. h3 Rh8
35. Be2 Rha8 36. g4 hxg4 37. hxg4 Rh8 38. g5+ Kg7 39. Kg3 Rh7 40. Bf1 Rh1 41.
Kg2 Rh8 42. Rh3 Rxh3 43. Kxh3 Ra8 44. Kg3 Ra5 45. Bc4 Ra8 46. Kg2 Ra5 47. Kf1
Ra8 48. Ke2 Ra5 49. Kd2 Ra8 50. Kc2 Ra5 51. Kb3 Ra8 52. Rh1 Rh8 53. Rxh8 Kxh8
54. Be2 Kg7 55. Kc4 Kf7 56. Bd1 Ke7 57. Be2 Kd7 58. Kc3 Ke7 59. Kc4 Kd7 60. Bd1
Ke7 61. Be2 1/2-1/2

[Event "4NCL Online Division 3"]
[Site "online"]
[Date "2020.04.14"]
[Round "2.73"]
[White "Fenwick, Hugh F"]
[Black "Evans, Harry G"]
[Result "1-0"]
[WhiteElo "1907"]
[BlackElo "1915"]
[PlyCount "35"]
[EventDate "2020.04.14"]
[WhiteTeam "Mushrooms 2"]
[BlackTeam "CSC 3"]

1. c4 c6 2. g3 d5 3. Bg2 Nf6 4. b3 Bf5 5. Nf3 e6 6. Bb2 Nbd7 7. O-O Bd6 8. d3
Qc7 9. Nbd2 h5 10. cxd5 exd5 11. Rc1 a6 12. e4 dxe4 13. dxe4 Bg4 14. e5 Nxe5
15. Qe1 Nfd7 16. Nxe5 Nxe5 17. Nc4 O-O-O 18. Nxd6+ 1-0

[Event "4NCL Online Division 3"]
[Site "online"]
[Date "2020.04.14"]
[Round "2.74"]
[White "Kan, Toby"]
[Black "Joslin, Tim"]
[Result "1-0"]
[WhiteElo "1892"]
[BlackElo "1870"]
[PlyCount "63"]
[EventDate "2020.04.14"]
[WhiteTeam "CSC 3"]
[BlackTeam "Mushrooms 2"]

1. e4 d5 2. exd5 Nf6 3. Bb5+ Nbd7 4. c4 a6 5. Ba4 b5 6. cxb5 Nb6 7. bxa6+ Nxa4
8. Qxa4+ Bd7 9. Qc4 g6 10. Nc3 Bg7 11. Nge2 O-O 12. O-O Bc8 13. b4 Bxa6 14. b5
Bb7 15. a4 Ra5 16. Qb4 Qa8 17. d4 Rd8 18. Bd2 Ra7 19. a5 Nxd5 20. Nxd5 Bxd5 21.
f3 e5 22. dxe5 Bxe5 23. Bc3 Bxc3 24. Nxc3 Be6 25. Ne4 Bf5 26. Nf6+ Kg7 27. Qc3
Kh6 28. Qe3+ Kg7 29. Qc3 Kh6 30. Ra4 Rd3 31. Rh4+ Kg5 32. f4+ 1-0